| 000 | 01128cam a2200337 4500 | ||
|---|---|---|---|
| 999 |
_c28759 _d28730 |
||
| 001 | 1729935 | ||
| 003 | EG-ScBUE | ||
| 005 | 20200921094954.0 | ||
| 008 | 730611s1972 enka f b 001 0 eng d | ||
| 020 | _a0140213643 | ||
| 040 |
_aDLC _beng _erda _cDLC _dDLC _dEG-ScBUE |
||
| 082 | 0 | 4 |
_a301.3108 _bHUM _222 |
| 245 | 0 | 0 |
_aHuman identity in the urban environment / _cedited by Gwen Bell and Jaqueline Tyrwhitt. |
| 264 | 1 |
_aMiddlesex, England : _bPenguin Books Ltd, _c1972. |
|
| 300 |
_a656 pages : _billustrations ; _c20 cm. |
||
| 336 |
_2rdacontent _atext _btxt |
||
| 337 |
_2rdamedia _aunmediated _bn |
||
| 338 |
_2rdacarrier _avolume _bnc |
||
| 350 | _a$4.95 (U.S.) | ||
| 490 | 0 | _aa Pelican original | |
| 504 | _aIncludes bibliographical references and index. | ||
| 650 | 7 |
_aCities and towns. _2BUEsh |
|
| 650 | 7 |
_aHuman ecology. _2BUEsh |
|
| 650 | 7 |
_aUrban ecology (Sociology) _2BUEsh |
|
| 653 |
_bEENERGYY _cSeptember2020 |
||
| 655 |
_vReading book _934232 |
||
| 700 | 1 |
_aTyrwhitt, Jaqueline, _eeditor. |
|
| 700 | 1 |
_aBell, Gwen, _d1934- _eeditor. |
|
| 906 |
_a7 _bcbc _corignew _du _encip _f19 _gy-gencatlg |
||
| 942 |
_2ddc _cBB |
||